random math - Statistics

General Stats
  • This quiz has been taken 59 times
  • The average score is 40 of 46
Answer Stats
Hint Answer % Correct
1x1 1
100%
1+2 3
100%
3x1 3
100%
15+4 19
97%
1+1 2
97%
1x2 2
97%
0+9 9
97%
4+5 9
97%
3+6 9
97%
9+1 10
95%
7+3 10
95%
5x2 10
95%
100+1000 1100
95%
10+3 13
95%
1+12 13
95%
5x3 15
95%
5x4 20
95%
14+13 27
95%
4+0 4
95%
1x4 4
95%
5x1 5
95%
2+4 6
95%
24+37 61
95%
50+49 99
95%
0+0 0
92%
102+53 155
92%
102+98 200
92%
25x4 100
89%
10x10 100
89%
54+94 148
89%
4x6 24
89%
502+33 535
89%
55x1 55
89%
167+13 180
87%
4x12 48
84%
12x12 144
82%
14x2 28
82%
7x8 56
82%
8x9 72
82%
83x2 166
79%
635+876 1511
76%
12,637+893 13530
68%
13x13 169
68%
76,390+345 76735
66%
5x123,465 617325
37%
18,534x34,531 639997554
21%
No matching quizzes found
Score Distribution
Percent of People with Each Score
Percentile by Number Answered
Your Score History
You have not taken this quiz